Marcella says...: (Record no. 4051)

MARC details
000 -LEADER
fixed length control field 00728nam a22002177a 4500
003 - CONTROL NUMBER IDENTIFIER
control field OSt
005 - DATE AND TIME OF LATEST TRANSACTION
control field 20250819031550.0
008 - FIXED-LENGTH DATA ELEMENTS--GENERAL INFORMATION
fixed length control field 250819b |||||||| |||| 00| 0 eng d
020 ## - INTERNATIONAL STANDARD BOOK NUMBER
International Standard Book Number 0-06-620967-6.
040 ## - CATALOGING SOURCE
Original cataloging agency DWCL-Main lib
Transcribing agency OC
082 ## - DEWEY DECIMAL CLASSIFICATION NUMBER
Classification number Circ. 641.5945 H428m 2004
100 ## - MAIN ENTRY--PERSONAL NAME
Personal name Hazan, Marcella
245 ## - TITLE STATEMENT
Title Marcella says...:
Remainder of title Italian cooking wisdom from the legendary teacher's master classes, with 120 of her irresistible new recipes/
Statement of responsibility, etc. Marcella Hazan
250 ## - EDITION STATEMENT
Edition statement 1st ed.
260 ## - PUBLICATION, DISTRIBUTION, ETC.
Place of publication, distribution, etc. New York :
Name of publisher, distributor, etc. Harper Collins Pub. ,
Date of publication, distribution, etc. c2004
300 ## - PHYSICAL DESCRIPTION
Extent 1-390 p.
Other physical details : ill. ;
Dimensions 23 cm.
504 ## - BIBLIOGRAPHY, ETC. NOTE
Bibliography, etc. note Includes appendix & index.
650 ## - SUBJECT ADDED ENTRY--TOPICAL TERM
Topical term or geographic name entry element 1. Cookery
650 ## - SUBJECT ADDED ENTRY--TOPICAL TERM
Topical term or geographic name entry element 2. Italian
942 ## - ADDED ENTRY ELEMENTS (KOHA)
Source of classification or shelving scheme Dewey Decimal Classification
Koha item type Book Circulation
Edition 1st ed.
Call number prefix Circ.
Suppress in OPAC No
952 ## - LOCATION AND ITEM INFORMATION (KOHA)
--
952 ## - LOCATION AND ITEM INFORMATION (KOHA)
--
Holdings
Withdrawn status Lost status Source of classification or shelving scheme Damaged status Not for loan Home library Current library Shelving location Date acquired Source of acquisition Total Checkouts Full call number Barcode Date last seen Copy number Price effective from Koha item type Uniform Resource Identifier
    Dewey Decimal Classification     College Library HM & Nursing Library Circulation 10/08/2015 Donation   Circ. 641.5945 H428m 2004 51185 08/19/2025 c2 08/19/2025 BK-CIRC
    Dewey Decimal Classification     College Library HM & Nursing Library Circulation 10/08/2015 Donation   Circ. 641.5945 H428m 2004 48348 08/19/2025 c1 08/19/2025 BK-CIRC